000 00937nam a2200229 4500
001 122673
003 ES-MaACL
005 20230906192024.0
007 t|
008 070214s1972 sp r ||||1| spa d
111 2 _aCurso sobre Problemas y Soluciones del Desarrollo Economico de Galicia (
_cVigo (
_d1970)
_9135129
245 1 0 _aProblemas y soluciones del desarrollo económico de Galicia
_b: curso organizado por la Caja de Ahorros Municipal de Vigo con la asistencia técnica de Iberplan : ponencias /
_ceditor literario, José B. Terceiro.
260 _aAlgorta (Vizcaya) :
_bZero,
_c1972.
300 _a130 p. ;
_c20 cm.
490 1 _aPromoción del Pueblo. Serie P. 44
700 1 _aTerceiro, José B.
_9109732
710 2 _aCaja de Ahorros Municipal de Vigo.
_92301
710 2 _aIberplan.
_94636
830 0 _aPromoción del Pueblo. Serie P. 44
_9218867
852 _aES-MaACL
_jC-51720
_bR.82071
999 _c122673
_d122673